<?xml version="1.0" encoding="UTF-8"?>
<record
    xmlns:xsi="http://www.w3.org/2001/XMLSchema-instance"
    xsi:schemaLocation="http://www.loc.gov/MARC21/slim http://www.loc.gov/standards/marcxml/schema/MARC21slim.xsd"
    xmlns="http://www.loc.gov/MARC21/slim">

  <leader>00498nam a22001337a 4500</leader>
  <datafield tag="040" ind1=" " ind2=" ">
    <subfield code="c">RUA</subfield>
  </datafield>
  <datafield tag="082" ind1=" " ind2=" ">
    <subfield code="a">FIS MEN 2012 B184 Or.1</subfield>
  </datafield>
  <datafield tag="100" ind1=" " ind2=" ">
    <subfield code="a">MENG, CHOU.</subfield>
  </datafield>
  <datafield tag="245" ind1=" " ind2=" ">
    <subfield code="a">The market of ornamental fishes in phnom penh city, &#x1791;&#x17B7;&#x1795;&#x17D2;&#x179F;&#x17B6;&#x179A;&#x178F;&#x17D2;&#x179A;&#x17B8;&#x179B;&#x1798;&#x17D2;&#x17A2; &#x1793;&#x17C5;&#x179A;&#x17B6;&#x1787;&#x1792;&#x17B6;&#x1793;&#x17B8;&#x1797;&#x17D2;&#x1793;&#x17C6;&#x1796;&#x17C1;&#x1789;</subfield>
  </datafield>
  <datafield tag="260" ind1=" " ind2=" ">
    <subfield code="a">Phnom Penh</subfield>
    <subfield code="b">RUA</subfield>
    <subfield code="c">2012</subfield>
  </datafield>
  <datafield tag="300" ind1=" " ind2=" ">
    <subfield code="a">ix; 31p.</subfield>
    <subfield code="b">ill.</subfield>
    <subfield code="c">29cm.</subfield>
  </datafield>
  <datafield tag="856" ind1=" " ind2=" ">
    <subfield code="u">https://drive.google.com/file/d/15kc60iOfSydUs_yewfGvFnVJ-_NKgWmU/view?usp=sharing</subfield>
  </datafield>
  <datafield tag="942" ind1=" " ind2=" ">
    <subfield code="c">FIS</subfield>
  </datafield>
  <datafield tag="999" ind1=" " ind2=" ">
    <subfield code="c">4008</subfield>
    <subfield code="d">4008</subfield>
  </datafield>
  <datafield tag="952" ind1=" " ind2=" ">
    <subfield code="0">0</subfield>
    <subfield code="1">0</subfield>
    <subfield code="2">ddc</subfield>
    <subfield code="4">0</subfield>
    <subfield code="6">FIS_MEN_2012_000000000000000_B184_OR_1</subfield>
    <subfield code="7">0</subfield>
    <subfield code="9">20272</subfield>
    <subfield code="a">LBB</subfield>
    <subfield code="b">LBB</subfield>
    <subfield code="c">B184</subfield>
    <subfield code="d">2015-12-04</subfield>
    <subfield code="l">1</subfield>
    <subfield code="o">FIS MEN 2012 B184 Or.1</subfield>
    <subfield code="p">RUA036827</subfield>
    <subfield code="r">2025-01-27</subfield>
    <subfield code="s">2025-01-10</subfield>
    <subfield code="w">2015-12-04</subfield>
    <subfield code="y">FIS</subfield>
  </datafield>
  <datafield tag="952" ind1=" " ind2=" ">
    <subfield code="0">0</subfield>
    <subfield code="1">0</subfield>
    <subfield code="2">ddc</subfield>
    <subfield code="4">0</subfield>
    <subfield code="6">FIS_MEN_2012_000000000000000_B184_OR_2</subfield>
    <subfield code="7">0</subfield>
    <subfield code="9">20273</subfield>
    <subfield code="a">LBB</subfield>
    <subfield code="b">LBB</subfield>
    <subfield code="c">B184</subfield>
    <subfield code="d">2015-12-04</subfield>
    <subfield code="l">2</subfield>
    <subfield code="o">FIS MEN 2012 B184 Or.2</subfield>
    <subfield code="p">RUA036965</subfield>
    <subfield code="r">2025-08-26</subfield>
    <subfield code="s">2025-08-08</subfield>
    <subfield code="w">2015-12-04</subfield>
    <subfield code="y">FIS</subfield>
  </datafield>
  <datafield tag="952" ind1=" " ind2=" ">
    <subfield code="0">0</subfield>
    <subfield code="1">0</subfield>
    <subfield code="2">ddc</subfield>
    <subfield code="4">0</subfield>
    <subfield code="6">FIS_MEN_2012_000000000000000_B184_OR_3</subfield>
    <subfield code="7">0</subfield>
    <subfield code="9">20274</subfield>
    <subfield code="a">LBB</subfield>
    <subfield code="b">LBB</subfield>
    <subfield code="c">B184</subfield>
    <subfield code="d">2015-12-04</subfield>
    <subfield code="l">4</subfield>
    <subfield code="o">FIS MEN 2012 B184 Or.3</subfield>
    <subfield code="p">RUA036967</subfield>
    <subfield code="r">2025-01-27</subfield>
    <subfield code="s">2025-01-10</subfield>
    <subfield code="w">2015-12-04</subfield>
    <subfield code="y">FIS</subfield>
  </datafield>
  <datafield tag="952" ind1=" " ind2=" ">
    <subfield code="0">0</subfield>
    <subfield code="1">0</subfield>
    <subfield code="2">ddc</subfield>
    <subfield code="4">0</subfield>
    <subfield code="6">FIS_MEN_2012_000000000000000_B184_OR_4</subfield>
    <subfield code="7">0</subfield>
    <subfield code="9">20275</subfield>
    <subfield code="a">LBB</subfield>
    <subfield code="b">LBB</subfield>
    <subfield code="c">B184</subfield>
    <subfield code="d">2015-12-04</subfield>
    <subfield code="l">4</subfield>
    <subfield code="m">1</subfield>
    <subfield code="o">FIS MEN 2012 B184 Or.4</subfield>
    <subfield code="p">RUA037535</subfield>
    <subfield code="r">2024-01-19</subfield>
    <subfield code="s">2023-10-03</subfield>
    <subfield code="w">2015-12-04</subfield>
    <subfield code="y">FIS</subfield>
  </datafield>
  <datafield tag="952" ind1=" " ind2=" ">
    <subfield code="0">0</subfield>
    <subfield code="1">0</subfield>
    <subfield code="2">ddc</subfield>
    <subfield code="4">0</subfield>
    <subfield code="6">FIS_MEN_2012_000000000000000_B184_OR_5</subfield>
    <subfield code="7">0</subfield>
    <subfield code="9">20276</subfield>
    <subfield code="a">LBB</subfield>
    <subfield code="b">LBB</subfield>
    <subfield code="c">B184</subfield>
    <subfield code="d">2015-12-04</subfield>
    <subfield code="o">FIS MEN 2012 B184 Or.5</subfield>
    <subfield code="p">RUA027433</subfield>
    <subfield code="r">2015-12-04</subfield>
    <subfield code="w">2015-12-04</subfield>
    <subfield code="y">FIS</subfield>
  </datafield>
</record>
